[Event "Irish Championship 2020"]
[Site "Dublin"]
[Date "2020.08.06"]
[Round "6.1"]
[White "Daly, Colm"]
[Black "Murray, David"]
[Result "1-0"]
[WhiteElo "2248"]
[BlackElo "2152"]
[Annotator "RC"]
[PlyCount "49"]
[EventDate "2020.08.01"]
[EventType "swiss"]
[EventCountry "IRL"]
[SourceTitle "playchess.com"]
[Source "ChessBase"]
[SourceQuality "1"]
[TimeControl "8100+35"]

1. Nf3 {[%emt 0:15:48]} Nf6 {[%emt 0:02:35]} 2. c4 {[%emt 0:00:12]} c5 {[%emt 0:00:10]} 3. Nc3 {[%emt 0:07:20]} Nc6 {[%emt 0:00:14]} 4. g3 {[%emt 0:00:10]} d5 {[%emt 0:02:07]} 5. d4 {[%emt 0:07:04]} cxd4 {[%emt 0:02:25]} 6. Nxd4 {[%emt 0:00:09]} e5 {[%emt 0:01:29]} 7. Nxc6 {[%emt 0:02:12]} bxc6 {[%emt 0:00:06]} 8. cxd5 {[%emt 0:04:18]} cxd5 {[%emt 0:03:49]} 9. Bg2 {[%emt 0:00:09]} Be6 {[%emt 0:01:09]} 10. O-O {[%emt 0:03:24]} Rc8 {[%emt 0:09:08]} 11. Bg5 {[%emt 0:15:52]} d4 {[%emt 0:05:05]} 12. Ne4 {[%emt 0:01:05]} Be7 {[%emt 0:01:15]} 13. Nxf6+ {[%emt 0:00:12]} Bxf6 {[%emt 0:01:32]} 14. Bxf6 {[%emt 0:00:35]} gxf6 {[%emt 0:00:39]} 15. Qd2 {[%emt 0:00:15]} h5 {[%emt 0:17:33]} 16. e3 {[%emt 0:04:24]} h4 {[%emt 0:08:08]} 17. Rfc1 {[%emt 0:05:36]} hxg3 {[%emt 0:08:09]} 18. hxg3 {[%emt 0:00:39]} Ke7 {[%emt 0:11:43]} 19. Rxc8 {[%emt 0:08:58]} Bxc8 {[%emt 0:02:53]} 20. Rc1 {[%emt 0:00:56]} Qd6 {[%emt 0:02:28]} 21. Rc6 {[%emt 0:02:37]} Qd8 {[%emt 0:02:52]} 22. Qb4+ {[%emt 0:00:53]} Ke8 {[%emt 0:01:00]} 23. Rd6 {[%emt 0:02:26]} Bd7 {[%emt 0:04:03]} 24. Bc6 {[%emt 0:01:40]} a5 {[%emt 0:00:43]} 25. Qb7 {[%emt 0:11:38]} 1-0

[Event "Irish Championship 2020"]
[Site "Dublin"]
[Date "2020.08.06"]
[Round "6.2"]
[White "Delaney, Killian"]
[Black "O`Donnell, Conor"]
[Result "1-0"]
[WhiteElo "2314"]
[BlackElo "2304"]
[Annotator "TA"]
[PlyCount "171"]
[EventDate "2020.08.01"]
[EventType "swiss"]
[EventCountry "IRL"]
[SourceTitle "playchess.com"]
[Source "ChessBase"]
[SourceQuality "1"]

{[%evp 26,171,35,39,45,41,70,70,77,87,82,81,81,69,143,35,42,60,72,64,54,-41,-16,-25,-26,-141,-154,-151,163,170,164,178,187,187,167,183,186,173,164,0,0,0,0,-86,133,132,133,125,130,25,55,0,8,0,164,0,8,0,0,0,0,0,0,0,0,0,0,0,46,39,107,39,163,155,166,170,258,262,590,575,480,320,466,404,639,637,615,535,612,590,756,756,715,749,525,652,2347,4095,4095,3760,2376,2340,12260,11440,10893,2256,2146,2070,1848,1742,1616,1508,9350,9116,6566,6289,5772,4959,5522,5308,4635,4241,4166,4166,4122,2450,29969,29970,29968,29968,29970,29965,5381,4148,29977,29977,29981,29982,29983,29983,29984,29979,29985,29986,29989,29990,29990,914]} 1. c4 e6 2. Nc3 d5 3. d4 Nf6 4. cxd5 exd5 5. Bg5 c6 6. e3 Be7 7. Qc2 Nbd7 8. Bd3 O-O 9. Nf3 Re8 10. h3 Nf8 11. Bf4 Ng6 12. Bh2 Bd6 13. Bxd6 Qxd6 14. O-O-O b6 {D36: Queen's Gambit Declined: Exchange Variation: Main line (5 Bg5 c6 6 Qc2).} 15. g4 Qe7 16. Kb1 Bb7 {White is slightly better.} 17. h4 {[#]} c5 $146 ({Predecessor:} 17... Ne4 18. h5 Nf8 19. Nh4 g6 20. Nxe4 dxe4 21. Bc4 Bc8 22. hxg6 hxg6 23. Rdg1 Qf6 {0-1 (29) Graf,F (2322)-Billing,C (2273) Bayern 2010}) 18. h5 Nf8 19. Ne5 Ne6 (19... cxd4 $14 20. exd4 Ne6) 20. g5 (20. f4 $1 $16) 20... Nxg5 $14 21. Rdg1 $36 {[%mdl 2048] White fights for an advantage.} h6 22. f4 Ne6 23. f5 (23. Ne2 $14) 23... Ng5 $15 24. Rxg5 hxg5 25. h6 (25. Qg2 $1 $11 {remains equal.}) 25... gxh6 26. Rxh6 {Hoping for Qg2!} Kg7 $2 (26... cxd4 $17 {stays on course.} 27. exd4 Kg7) 27. Rxf6 $1 $18 Qxf6 28. Ng4 $1 {[%cal Rg4f6]} Qd6 29. f6+ Kf8 30. Qg2 $1 {[%cal Rg2h3]} Rxe3 {[#]} 31. Qh1 $1 {[%cal Rh1h8][%mdl 512]} Ke8 32. Nxe3 $2 (32. dxc5 $18 bxc5 33. Bb5+ (33. Nxe3 Qxf6 34. Ncxd5 Bxd5 $18) 33... Kd8 34. Nxe3) 32... cxd4 $11 33. Nb5 Qxf6 34. Nxd5 (34. Ng4 $11 Qf4 35. Nh6) 34... Bxd5 $2 (34... Kd8 $17 {and life is bright.} 35. Qe4 Qe6 36. Qxe6 fxe6) 35. Nc7+ $1 $16 {[%mdl 64] Double Attack} ({And not} 35. Qxd5 Rd8 $17) 35... Kf8 36. Nxd5 Qg7 37. Nf6 (37. Qe1 $16 Qh6 38. Qb4+ {[%mdl 64] Double Attack} Kg7 39. Qxd4+ Kf8 40. Qb4+ Kg7 41. Qe4) 37... Rd8 $11 38. Qc6 ({White should play} 38. Ng4 $1 $14) 38... g4 39. Nh7+ Kg8 $2 {[#]} (39... Ke7 $1 $11 40. Qc7+ Rd7) 40. Nf6+ $2 (40. Qc7 $1 $18 {[%cal Rc7d8][%mdl 512]} Re8 41. Qf4) 40... Kf8 41. Nh7+ Ke7 {Threatens to win with ...g3.} 42. Qe4+ Kd6 {White must now prevent ...g3.} 43. Qf4+ Qe5 44. Qxg4 Kc7 45. Ng5 Kb8 {...Qe1+ is the strong threat.} 46. Nf3 Qd6 (46... Qe3 $5 {[%cal Re3d3]} 47. Ba6 Re8 $11) 47. a3 {[%mdl 1024] White has compensation.} a5 ({Better is} 47... Re8 $14) 48. Qf5 (48. Nd2 $16) 48... Qd7 (48... f6 $14) 49. Qf6 $18 Qd6 50. Qxf7 Rf8 (50... Qd5 $142 51. Qf4+ Qd6) 51. Qh5 Qf4 $2 (51... Kc7 52. Ne5 Kb8) 52. Ne5 Rc8 53. Nc4 ({Weaker is} 53. Nd7+ Ka7 $18) 53... Qc7 (53... Qf6 {keeps fighting.} 54. a4 Rc7) 54. Qb5 Qc5 (54... Ka7 $142 55. Nd2 Qb7) 55. Qxb6+ Qxb6 56. Nxb6 Rc6 57. Nc4 Rc5 58. Kc2 Rh5 59. Be4 Kc7 60. Kd3 Rb5 61. Kxd4 Rb3 62. Bc2 Rb5 63. a4 Rh5 64. Be4 Kb8 65. Bd5 (65. b3 $142 Ka7 66. Bc6) 65... Rh4+ 66. Kc5 Ka7 67. Bc6 Rh5+ 68. Kd4 Rh4+ 69. Kc3 Rh3+ 70. Kc2 Rh2+ 71. Kb3 Rh3+ {[#]} 72. Ka2 $1 Rh4 73. Bb5 Rg4 74. Ka3 Rh4 75. Nxa5 Kb6 76. b4 Kc7 77. Nb3 Kb6 78. Bf1 Rh1 79. a5+ Ka7 80. Bg2 {White mates.} Rg1 81. Bc6 Rg4 82. b5 {[%cal Bb4b5,Bb5b6][%mdl 32]} Rh4 83. Kb2 Rh3 84. Nc5 Rh5 85. b6+ Kb8 86. Nd7+ {What a bad dream for Black. Accuracy: White = 70%, Black = 47%.} (86. Na6+ $142 Kc8 87. b7+ Kd8 88. b8=Q+ Ke7 89. Qe8+ {[%mdl 64] Double Attack} Kd6 90. Qxh5 Kxc6 91. Qc5+ Kd7 92. Qe5 Kc6 93. Qd4 Kb7 94. Qb6+ Kc8 95. Qc7#) 1-0

[Event "Irish Championship 2020"]
[Site "Dublin"]
[Date "2020.08.06"]
[Round "6.3"]
[White "Brady, Stephen"]
[Black "Fitzsimons, David"]
[Result "1/2-1/2"]
[WhiteElo "2290"]
[BlackElo "2334"]
[Annotator "TA"]
[PlyCount "85"]
[EventDate "2020.08.01"]
[EventType "swiss"]
[EventCountry "IRL"]
[SourceTitle "playchess.com"]
[Source "ChessBase"]
[SourceQuality "1"]

{[%evp 18,85,31,17,45,41,39,26,31,30,25,29,45,12,20,27,33,0,0,-27,-38,-35,0,0,0,-51,-54,-58,-15,-22,-34,-18,-28,-80,-77,-78,0,-12,-11,-15,-15,-20,-19,-47,-26,-26,-26,-30,-30,-28,-22,-21,-13,-13,-13,-13,-14,-13,-15,-16,0,0,0,0,8,8,8,0,0,0]} 1. Nf3 Nf6 2. g3 g6 3. Bg2 Bg7 4. O-O O-O 5. d4 d6 6. Nc3 Nbd7 7. e4 e5 8. Re1 c6 9. a4 a5 10. h3 Qb6 {B07: Pirc Defence: Miscellaneous Systems.} 11. Be3 {[#] And now dxe5 would win.} Qb4 {[#]} 12. Ra3 $146 ({Predecessor:} 12. Bf1 exd4 13. Bxd4 Nc5 14. Qd2 Ne6 15. Be3 Nxe4 16. Nxe4 Qxe4 17. Bg2 Qf5 18. Ng5 Bxb2 {1-0 (41) Guerra Bastida,D (2270)-Miguel Lago,V (2340) Mondariz 1999}) 12... exd4 {White has an edge.} 13. Bxd4 Nc5 14. Na2 Qb6 15. Nc1 Qc7 16. e5 Nfd7 {[%cal Rd6e5]} 17. Bxc5 dxc5 18. Rae3 Nb6 19. Nd3 Nd5 20. R3e2 c4 21. Nf4 ({White should play} 21. Nc5 $11) 21... Nxf4 $15 22. gxf4 Bf5 23. Nd4 Rad8 24. Rd2 Bc8 25. c3 (25. Bf1 $11 {remains equal.}) 25... Bh6 $17 26. Qf3 Qe7 ({Black should try} 26... f6 $17 {Strongly threatening ...fxe5.} 27. e6 Bxf4) 27. Rde2 {[%cal Bd2e2,Be2e4,Be4e6][%mdl 32]} Qh4 28. Re4 f5 29. exf6 $1 Qxf6 {[%cal Rh6f4]} 30. Ne6 Bxe6 31. Rxe6 Qxf4 32. Qxf4 Rxf4 33. Re7 Rb8 34. Bf1 {The position is equal.} Bf8 35. Re8 $1 {[%cal Re8b8]} Rxe8 36. Rxe8 $11 {[%mdl 4096] Endgame KRB-KRB} Kg7 37. Rb8 Bc5 38. Rxb7+ Kf8 39. Kh1 Bxf2 40. Bg2 Rf6 41. Rxh7 Be3 42. Rc7 Bc1 43. Rxc6 {Accuracy: White = 82%, Black = 85%.} 1/2-1/2

[Event "Irish Championship 2020"]
[Site "Dublin"]
[Date "2020.08.06"]
[Round "6.4"]
[White "Venkatesan, Kavin"]
[Black "Kanyamarala, Tarun"]
[Result "0-1"]
[WhiteElo "1946"]
[BlackElo "2381"]
[Annotator "TA"]
[PlyCount "102"]
[EventDate "2020.08.01"]
[EventType "swiss"]
[EventCountry "IRL"]
[SourceTitle "playchess.com"]
[Source "ChessBase"]
[SourceQuality "1"]

{[%evp 16,102,1,-11,0,-21,-16,-14,-14,-43,-29,-39,-50,-62,-57,-58,-58,-58,-49,-44,-37,-45,-30,-64,-40,-61,-66,-121,-116,-89,-91,-108,-95,-164,-132,-148,-148,-233,-220,-231,-235,-237,-148,-148,-137,-172,-101,-97,-100,-140,-140,-148,-137,-144,-53,-203,-196,-288,-234,-241,-168,-333,0,-239,-232,-382,-366,-518,-451,-700,-496,-486,-476,-465,-422,-389,-358,-329,-283,-349,-317,-574,-554,-1033,-1014,-1026,-1041,-29990,-1018]} 1. d4 d5 2. c4 e6 3. Nc3 c6 4. cxd5 exd5 5. Bf4 Bd6 6. Bg3 Nf6 7. Qc2 Bxg3 8. hxg3 g6 9. e3 Bf5 {D35: Queen's Gambit Declined: Exchange Variation.} 10. Bd3 (10. Qd2 {is interesting.} Qd6 11. O-O-O Nbd7 12. f3 Qxg3 13. Nge2) 10... Bxd3 11. Qxd3 {[#]} Qe7 $146 {The position is equal.} ({Predecessor:} 11... Nbd7 12. Nge2 Qe7 13. f3 O-O-O 14. Kf2 h5 15. Rab1 Kb8 16. Na4 Ne8 17. g4 Ng7 18. gxh5 Rxh5 19. Rxh5 Nxh5 {½-½ (77) Egle,S (2185)-Berchtold,C (2070) Switzerland 2016}) 12. a3 Nbd7 13. Nge2 O-O 14. f3 Rfe8 15. Kf2 h5 16. Nf4 Kg7 17. Rae1 Rad8 18. Re2 Nb6 {[%cal Bd7b6,Bb6c8,Bc8d6,Bd6f5][%mdl 32]} 19. b4 Qd6 20. Nd1 Nc8 21. Rd2 (21. Nb2 $15) 21... Qd7 22. Nb2 Nd6 23. Qc2 Qe7 24. Rd3 (24. Re2 $17) 24... Nd7 25. Qb3 Nf5 26. Ne2 (26. a4 $17) 26... Qg5 27. a4 Re6 28. a5 Rde8 {[%cal Re6e3]} 29. Nd1 Nd6 30. Nb2 Rf6 ({Black should try} 30... Nb8 $19 31. Nf4 R6e7) 31. Nf4 $17 Nf5 $36 {[%mdl 2048] Black is really pushing.} 32. Ne2 a6 33. Rh3 Nf8 34. Nd1 Ne6 (34... Rfe6 $17 35. Qc3 R6e7) 35. Nb2 (35. Kg1 $15) 35... Nc7 $19 36. Nd1 (36. Nf4 $142) 36... Nb5 37. Nf4 Nbd6 38. Nb2 $2 (38. Qb1 {was necessary.}) 38... Nb5 39. Nd1 $1 Rh8 40. Nb2 (40. Nc3 {keeps fighting.}) 40... h4 41. gxh4 (41. Kg1 $142) 41... Rxh4 42. Qd1 {[#]} (42. Qc2 $142) 42... Nxe3 $1 {[%mdl 512]} 43. Rxe3 Rfxf4 ({Weaker is} 43... Qxf4 44. Rxh4 Qxh4+ 45. Kg1 $19) 44. Rxh4 Qxh4+ 45. Kg1 Rxd4 46. Nd3 Qf6 47. Qe2 Rh4 48. Nc5 $2 (48. Qd2 {is a better defense.}) 48... Rxb4 {[#] And now ...Rb1+ would win.} 49. Qe1 Qd4 50. Nd3 Rb3 51. Qd2 Nd6 {Accuracy: White = 47%, Black = 72%.} (51... Rb1+ $142 52. Qc1 Rxc1+ 53. Nxc1 Qxe3+ {[%mdl 64] Double Attack} 54. Kf1 Nd4 55. Nd3 Qxd3+ 56. Kg1 Qe3+ 57. Kf1 f5 58. f4 Qg3 59. Kg1 Nf3+ 60. Kh1 Qh4#) 0-1

[Event "Irish Championship 2020"]
[Site "Dublin"]
[Date "2020.08.06"]
[Round "6.5"]
[White "Peoples, Jonathon"]
[Black "Wallace, John Paul"]
[Result "1/2-1/2"]
[WhiteElo "1932"]
[BlackElo "2346"]
[Annotator "TA"]
[PlyCount "39"]
[EventDate "2020.08.01"]
[EventType "swiss"]
[EventCountry "IRL"]
[SourceTitle "playchess.com"]
[Source "ChessBase"]
[SourceQuality "1"]

{[%evp 20,39,78,24,80,74,90,82,123,114,134,119,105,107,113,108,117,101,128,129,157,99]} 1. d4 Nf6 2. c4 g6 3. Nc3 Bg7 4. e4 d6 5. Nf3 O-O 6. Be2 e5 7. O-O Na6 8. Be3 exd4 9. Nxd4 Re8 10. f3 c6 11. Nc2 (11. Qc1 $16) 11... Nc7 {E94: King's Indian: Classical: 6 Be2 e5 7 0-0: Various Black 7th moves.} (11... d5 $11) 12. Qd2 $16 d5 {[%cal Rd5e4]} 13. Rad1 Be6 {White is better.} 14. cxd5 cxd5 15. e5 Nd7 16. f4 f6 17. Nd4 Bf7 {[#]} 18. exf6 $146 ({Predecessor:} 18. Ndb5 fxe5 19. Nxc7 Qxc7 20. Nxd5 Qd6 21. f5 Rad8 22. fxg6 Qxg6 23. Bg5 Nb6 24. Ne7+ Rxe7 25. Qxd8+ {1-0 (43) Litinskaya,M (2290)-Sheremetieva,M (2260) Romania 1994}) 18... Nxf6 19. f5 Rf8 20. fxg6 {Black got outplayed after the opening. Accuracy: White = 88%, Black = 48%.} (20. Bf3 $142) 1/2-1/2

[Event "Irish Championship 2020"]
[Site "Dublin"]
[Date "2020.08.06"]
[Round "6.6"]
[White "Melaugh, Gavin"]
[Black "Flynn, Jacob"]
[Result "0-1"]
[WhiteElo "2003"]
[BlackElo "2114"]
[Annotator "TA"]
[PlyCount "162"]
[EventDate "2020.08.01"]
[EventType "swiss"]
[EventCountry "IRL"]
[SourceTitle "playchess.com"]
[Source "ChessBase"]
[SourceQuality "1"]

{[%evp 12,162,5,0,26,25,81,81,74,50,82,65,83,43,39,33,62,81,81,86,95,97,119,68,69,55,49,40,44,41,83,40,72,48,64,18,28,0,0,0,16,0,15,-58,34,-8,-15,-185,-92,-86,-85,-148,-10,-23,-17,-68,-68,-68,-68,-123,-68,-68,-68,-70,-70,-77,-57,-75,-61,-70,-57,-87,-86,-87,-86,-116,-105,-115,-100,-150,-133,-97,-81,-229,-201,-248,-248,-252,-252,-252,-249,-247,-247,-237,-199,-167,-118,-137,-118,-278,-85,-242,-16,-79,-85,-94,-8,-8,-8,-8,-8,-8,-8,-716,-672,-536,-480,-3186,-56,-56,-8,-2295,-1916,-1433,-429,-29965,-29968,-29970,-29971,-29972,-29974,-29974,-29975,-29975,-29976,-29976,-29977,-29977,-29978,-29978,-29979,-29979,-29980,-29980,-29981,-29982,-29983,-29983,-29984,-29985,-29986,-29987,-29988]} 1. c4 c5 2. Nc3 Nc6 3. Nf3 g6 4. e3 Nf6 5. d4 cxd4 6. exd4 d5 7. Bg5 Bg7 {A35: Symmetrical English: 2 Nc3 Nc6 3 Nf3.} 8. Bxf6 Bxf6 (8... exf6 $11 9. cxd5 Ne7) 9. cxd5 $16 Nb8 {White is better.} 10. Bb5+ Bd7 11. O-O O-O {[#]} 12. Bxd7 $146 (12. Qb3 {keeps more tension.} Bf5 13. h3 h5 14. Rfd1 Qb6 15. a4) ({Predecessor:} 12. Qb3 Qb6 13. Bc4 Qxb3 14. Bxb3 Na6 15. Ne5 Bf5 16. h3 Nb4 17. g4 Bc2 18. Nd7 Bxb3 19. Nxf6+ exf6 20. axb3 {1-0 (56) Kalinauskas,V-Povilaitis,T (1607) Vilnius 2017}) 12... Nxd7 13. a4 Nb6 14. Qb3 Rb8 15. Ne5 Na8 16. f4 Nc7 17. Rad1 (17. f5 $16) 17... Ne8 $14 18. Rfe1 Nd6 19. a5 Re8 20. Qa4 a6 21. b4 Rc8 22. Qb3 $1 b5 23. Nc6 Qd7 24. Ne4 Nxe4 25. Rxe4 Rc7 26. Rde1 Qd6 27. g3 (27. Rf1 $11) 27... Rd7 (27... Rec8 $15) 28. Ne5 Qxd5 29. Qe3 $2 (29. Qxd5 $11 {and White is okay.} Rxd5 30. Rc1) 29... Bxe5 (29... Rc7 $1 $19 {and Black stays clearly on top.} 30. Qd3 Rec8) 30. dxe5 e6 $1 31. Rc1 (31. Qb6 $142) 31... Qa2 (31... Red8 $17 {Threatens to win with ...Qa2.} 32. Qe1 Qb7) 32. Rd4 $11 Red8 33. Rd6 (33. Rxd7 $11 Rxd7 34. g4) 33... Rxd6 $15 34. exd6 {[%mdl 4096] Endgame Black must now prevent Qb6. KQR-KQR} Qd5 35. Qc5 (35. Qe5 $15 Qxd6 36. Qxd6 Rxd6 37. Kf2) 35... Qxd6 ({Don't play} 35... Rxd6 36. Qxd5 Rxd5 37. Rc6 $11) (35... Qd2 $17 36. Qc7 Qd4+ 37. Kg2 Rxd6) 36. Qxd6 Rxd6 $17 {KR-KR} 37. Rc8+ Kg7 38. Ra8 h6 39. Kg2 Kf6 40. Kf3 e5 41. fxe5+ Kxe5 42. Ke3 Rc6 43. Kd3 f5 44. Re8+ Re6 45. Rf8 g5 $1 46. Ke3 Rf6 {( -> ...f4+)} 47. Re8+ (47. Rh8 $17 {is a better defense.}) 47... Kd5 $1 $19 48. Kd3 f4 $1 49. gxf4 gxf4 ({Less strong is} 49... Rxf4 50. Rd8+ Kc6 51. Rc8+ Kb7 52. Rh8 $15) 50. Rd8+ Rd6 51. Rf8 ({Wrong is} 51. Rxd6+ $2 Kxd6 52. Ke4 f3 $1 $19 {[%mdl 512]}) 51... Ke5+ 52. Ke2 Rf6 53. Rd8 f3+ 54. Kf2 Ke4 55. Rd7 $2 (55. Rc8 $17) 55... h5 $2 (55... Rc6 $1 $19 {is more deadly.} 56. Re7+ Kd5) 56. Rd8 $2 (56. Rh7 $17 {was the only chance.}) 56... Ke5 $2 ({Black should try} 56... Rc6 $19 {And now ...Rc2+ would win.} 57. Re8+ Kd5) 57. Rd7 (57. Rh8 $11) 57... Rd6 $17 58. Rh7 Rd2+ (58... Ke4 $1 $17 59. Rxh5 Rd2+ 60. Ke1 Re2+ 61. Kf1 Kd4) 59. Kxf3 $11 Rxh2 60. Rh6 Kd5 61. Rxa6 Kc4 62. Ra8 $2 {[%mdl 8192]} (62. Rh6 $11) 62... Kxb4 $19 63. a6 Ra2 64. a7 (64. Ke4 $142 Kb3 65. Kd4) 64... Ra5 $2 ({Better is} 64... h4 $1 $19 {[%cal Rh4h3] Hoping for ...h3.} 65. Ke4 h3) 65. Ke3 $15 h4 {...h3 is the strong threat.} 66. Kd3 $2 {[%mdl 8192] Black converts the advantage convincingly.} (66. Kd2 $11) 66... Ra2 $1 $19 67. Rh8 Rxa7 68. Rxh4+ (68. Kc2 $19 Ra2+ 69. Kd3) 68... Kb3 {Black mates.} 69. Rh8 Rd7+ 70. Ke2 b4 {[%cal Bb5b4,Bb4b3,Bb3b2][%mdl 32]} 71. Rb8 Kc3 72. Rc8+ {[#]} Kb2 $1 73. Rb8 b3 74. Rb6 Kc2 75. Rc6+ Kb1 76. Rb6 b2 77. Rb8 Rd5 78. Rb7 Kc2 79. Rc7+ {[#]} Kb3 $1 80. Rb7+ Kc3 81. Rb8 Rd4 {Accuracy: White = 52%, Black = 68%.} 0-1

[Event "Irish Championship 2020"]
[Site "Dublin"]
[Date "2020.08.06"]
[Round "6.7"]
[White "Cafolla, Peter"]
[Black "Lyons, Brendan"]
[Result "1/2-1/2"]
[WhiteElo "1955"]
[BlackElo "1941"]
[Annotator "TA"]
[PlyCount "181"]
[EventDate "2020.08.01"]
[EventType "swiss"]
[EventCountry "IRL"]
[SourceTitle "playchess.com"]
[Source "ChessBase"]
[SourceQuality "1"]

{[%evp 9,181,17,17,20,34,29,38,34,49,28,28,28,33,5,5,8,113,115,113,22,120,122,141,143,201,183,165,-15,-13,-25,-22,-7,0,-20,-33,-155,-151,-270,-271,-298,-181,-157,-182,-176,-90,-88,-100,-99,-89,-132,-115,-122,-115,-123,-125,-122,-124,-133,-116,-250,-241,-438,-431,-491,-316,-296,-275,-299,-285,-318,-211,-197,-169,-148,0,-187,0,-151,0,0,0,-148,-150,-243,-230,-233,-235,-323,-320,-321,-319,-310,-249,-231,-248,-265,-272,-266,-241,-264,-237,-239,-185,-172,-64,-64,-64,-71,-64,-69,-42,-54,-8,-8,-8,-8,-8,-8,-8,-71,-71,-71,-71,-71,-71,-71,-71,-71,-71,-71,-71,-71,-71,-71,-71,-71,0,-71,-71,-71,-71,-71,-71,-71,-71,-71,-70,-71,-71,-71,-71,-71,-71,-71,-71,-71,-71,-71,-71,-71,-71,-71,-71,-71,-71,-71,-71,-71,-71,-71,-71,-71,-70,-71]} 1. d4 d5 2. c4 Bf5 3. Nc3 e6 4. Nf3 Nc6 5. Bg5 Be7 6. Bxe7 {D06: Queen's Gambit: Symmetrical and Baltic Defences.} Ngxe7 {6...Ncxe7 is more advanced technology. Played by Ian Nepomniachtchi in August 2020.} 7. e3 O-O 8. Nh4 {White is slightly better.} Re8 9. Nxf5 {[#]} Nxf5 $146 ({Predecessor:} 9... exf5 10. Qf3 Nb4 11. O-O-O dxc4 12. Bxc4 c6 13. g4 Qa5 14. gxf5 Ned5 15. Bxd5 Nxd5 16. Nxd5 Qxd5 17. Qxd5 cxd5 {1-0 (39) Pasztor,F (2235)-Donka,P (2315) Hungary 1992}) 10. Be2 Qg5 11. Bf3 Nh4 12. cxd5 Nxf3+ (12... exd5 $11 13. O-O Rad8) 13. Qxf3 $16 exd5 14. h4 (14. Qxd5 $16 Qxd5 15. Nxd5) 14... Qg6 (14... Qd8 $11) 15. O-O ({And not} 15. Qxd5 Nb4 $17) 15... Rad8 16. Nxd5 Re4 (16... Qd6 $16 {was worth a try.}) 17. Nf4 $1 $18 {[%cal Rf4g6]} ({Don't do} 17. Nxc7 $6 Rxh4 18. Nd5 Qd6 $16) 17... Qf5 {and if ...Nxd4 works, Black does fine.} 18. g4 $2 (18. g3 $18) 18... Nxd4 $1 $11 19. Qh3 Qb5 20. Rad1 {[%mdl 64] Pin} Qxb2 21. Qg2 Qc2 $36 {[%mdl 2048] Black has the initiative.} 22. f3 (22. Kh2 $15 Nc6 23. Rxd8+ Nxd8 24. Rc1 $1 {[%mdl 512]} Qxc1 25. Qxe4) 22... Qxg2+ $17 23. Kxg2 (23. Nxg2 $17 {only move.} Nxf3+ 24. Kf2) 23... Rxe3 $19 24. Rd2 Ne6 25. Rxd8+ Nxd8 {[%mdl 4096] Endgame KRN-KRN} 26. Rd1 {[#]} Re8 (26... Nc6 $1 $19 27. Rb1 Na5) 27. Rd7 $17 c6 28. Nd3 a5 29. a4 b6 30. Kf2 Ne6 31. Rb7 {[#]} b5 $1 32. axb5 cxb5 33. Rxb5 {[#]} Ra8 $1 34. Nb2 (34. Rb3 $17 {was necessary.}) 34... a4 $19 35. Nd1 $2 (35. Nd3) 35... a3 36. Rb1 Nd4 37. Nc3 f6 38. Na2 Re8 39. Nc1 Rc8 {Strongly threatening ...Rc2+.} 40. Ke3 Nc2+ 41. Kd2 Nd4 42. Ke3 Nc2+ 43. Kd2 $1 a2 $2 (43... f5 $17 {White must now prevent ...Nd4.} 44. Rb3 f4) 44. Nxa2 $11 {Rc1 is the strong threat.} Na3 45. Ra1 (45. Rc1 $11 {was the only way to keep the balance.} Nc4+ 46. Ke2) 45... Nc4+ $17 46. Ke2 (46. Kc2 $17 {might work better.}) 46... Ra8 $19 47. f4 Ra3 48. Kd1 Ne3+ 49. Kc1 Nxg4 50. Kb2 Rf3 51. Nc3 Rxf4 52. Ra8+ Kf7 53. h5 Ke6 54. Ra7 Rf2+ 55. Kb3 g6 56. Rxh7 gxh5 ({Black should try} 56... g5 $19 {aiming for ...Ne5.} 57. Nb5 Rh2) 57. Rxh5 $15 f5 58. Nd1 Rf1 59. Kc2 Ke5 60. Kd2 Ke4 61. Nc3+ Kd4 62. Ne2+ Ke5 63. Ng3 Rf2+ 64. Kc1 (64. Ke1 $11 {remains equal.}) 64... Ne3 $17 {[#]} 65. Nxf5 $1 {[%mdl 512]} Nxf5 {KRN-KR} 66. Rh8 Ke4 67. Rd8 Nd4 68. Kd1 Kd3 {[%cal Rf2f1]} 69. Ke1 Rg2 70. Rd7 Ke4 (70... Re2+ {looks sharper.} 71. Kd1 Rd2+ 72. Ke1 Rh2 73. Rd8 Ra2) 71. Re7+ Kf3 72. Rf7+ Ke4 (72... Ke3 $5 {[%cal Rg2g1]} 73. Re7+ Kd3 $15) 73. Re7+ $1 Kd5 74. Rd7+ Kc5 75. Rf7 Nc2+ 76. Kf1 Ne3+ 77. Ke1 Kd4 78. Rd7+ Nd5 79. Rd8 Ke3 {[%cal Rg2g1]} (79... Ra2 {feels hotter.} 80. Rd6 Rh2 81. Re6 Nf4 82. Re8 Nd3+) 80. Re8+ Kf3 81. Rf8+ Nf4 82. Kd1 Rf2 83. Rf7 Ke3 84. Re7+ Kd4 85. Rd7+ Nd5 86. Rd8 Rf5 87. Ke2 Rf7 88. Rd6 Re7+ 89. Kf2 Ke4 90. Ra6 Rh7 91. Ra4+ {Never resign too early! Accuracy: White = 72%, Black = 73%.} 1/2-1/2